Celoštátna konferencia o historických záhradách a parkoch

Bibliographic Details
Main Author: Krutá, Eva (Author)
Format: Article
Language:Slovak
Subjects:

MARC

LEADER 00000nab a2200000 a 4500
001 vtls000373012
003 SK-MaSNL
005 20260303172553.0
008 160202c1990 xo 0 slo
015 |a SNBRB19rr/mm-uuuuu 
035 |a CL0373134 
040 |a SNKBUCL  |b slo  |c SNKBUCL  |e AACR2 
041 0 |a slo 
044 |a xo  |c SK 
080 |a 712.25:061.3  |2 1981 
080 |a 061.3  |2 1981 
080 |a 630 27  |2 1981 
100 1 |a Krutá, Eva  |4 aut  |9 898534 
245 1 0 |a Celoštátna konferencia o historických záhradách a parkoch  |c Eva Krutá 
650 0 7 |a historické záhrady  |2 snkbucl  |9 69283 
650 0 7 |a historické parky  |2 snkbucl  |9 2941 
650 0 7 |a zeleň  |2 snkbucl  |9 29748 
651 7 |a 3302  |2 snkbucl  |9 932128 
655 7 |a články z novín a časopisov  |2 snkbucl  |9 267496 
773 0 |t Záhradníctvo  |g Roč. 15, č. 2 (1990), s. 87 
850 |a Slovenská národná knižnica v Martine  |a MTA001 
852 |a SNK  |b KIS3GCP 
958 |a RK 
958 |a CZ 
992 |a RBX 
999 |c 2087213  |d 2089143